00317nam a22001097a 4500020001500000040000900015082001900024100002000043245005800063260002800121650005800149 a0750672331 cNUST a621.38224bCAR aCarr, Joseph J. aThe technician's EMI handbook : bClues and Solutions aBoston:bNewnes,c2002. aElectromagnetic compatibility Handbooks, manuals, etc